| 000 | 00625nam a2200193 i 4500 | ||
|---|---|---|---|
| 001 | 82358 | ||
| 003 | ES-MaACL | ||
| 005 | 20230906174647.0 | ||
| 007 | t| | ||
| 008 | 041110s1973 sp ||||1| spa d | ||
| 100 | 0 |
_aIgnacio de Loyola _c, Santo. _965147 |
|
| 245 | 1 | 3 |
_aEl relato del peregrino / _cSan Ignacio de Loyola ; [revisión, presentación y traducción del italiano de los capítulos 8, 9 y 10 de Carmen Artal]. |
| 260 |
_aBarcelona : _bLabor, _c[1973] |
||
| 490 | 1 | _aMaldoror | |
| 700 | 1 |
_aArtal, Carmen. _923417 |
|
| 830 | 0 |
_aMaldoror _9186737 |
|
| 852 |
_aES-MaACL _jC-56173 _bR.88732 |
||
| 999 |
_c82358 _d82358 |
||